00422nam a2200169Ia 4500003000400000005001700004008004100021020001500062050002700077100001900104245005200123260003500175300002100210440000600231521000700237526000800244OSt20140319102737.0140130s9999 xx 000 0 und d a0439416612 aPZ 7b.An54395Gam 2005 aAnderson, M.T. cAnderson, M.T.aThe game of the sunken places / bScholastic,c2005.aNew York : a260 p. ;c22 cm. v1 aG4 c670